[Event "Moscow op-E"]
[Site "Moscow"]
[Date "2011.01.31"]
[Round "3.229"]
[White "Skoriak, Ivan"]
[Black "Rukavishnikov, Vladimir"]
[Result "0-1"]
[WhiteElo "1971"]
[BlackElo "1991"]
[PlyCount "106"]
[EventDate "2011.01.29"]
[EventType "swiss"]
[EventRounds "9"]
[EventCountry "RUS"]
[SourceTitle "EXT 2022"]
[Source "ChessBase"]
[SourceDate "2021.10.06"]
[SourceVersion "1"]
[SourceVersionDate "2021.10.06"]
[SourceQuality "1"]

1. e4 d5 2. exd5 Qxd5 3. Nc3 Qa5 4. d4 Nf6 5. Bd2 c6 6. Nf3 Bf5 7. Ne4 Qc7 8. Nxf6+ gxf6 9. Bc3 Nd7 10. Bd3 Bg6 11. h4 0-0-0 12. h5 Bxd3 13. Qxd3 Bh6 14. g3 e6 15. Bd2 Ne5 16. Nxe5 Bxd2+ 17. Qxd2 fxe5 18. d5 Rxd5 19. Qe3 Qb6 20. Qxb6 axb6 21. Rd1 Rhd8 22. Rxd5 exd5 23. Ke2 Kd7 24. Rh4 Rg8 25. a4 f5 26. Kf3 c5 27. b3 Ke6 28. Ke2 d4 29. Rh1 e4 30. c3 d3+ 31. Ke3 Rd8 32. Rd1 Ke5 33. f3 Rg8 34. f4+ Kd5 35. c4+ Kc6 36. Rg1 Rg4 37. Rg2 Kd6 38. Rg1 Ke6 39. Kf2 Kf6 40. b4 Rg7 41. bxc5 bxc5 42. Rb1 Rd7 43. Ke3 d2 44. Rd1 Rd3+ 45. Ke2 Rxg3 46. Rb1 Rg2+ 47. Ke3 Kg7 48. Rxb7+ Kh6 49. Rd7 Kxh5 50. Rxh7+ Kg4 51. Rg7+ Kh3 52. Rd7 Rg3+ 53. Kxd2 Ra3 0-1

[Event "Moscow op-B"]
[Site "Moscow"]
[Date "2009.11.20"]
[Round "1"]
[White "Nurullin, Eldar"]
[Black "Skoriak, Ivan"]
[Result "1-0"]
[WhiteElo "1400"]
[BlackElo "2080"]
[PlyCount "95"]
[EventDate "2009.01.31"]
[EventType "swiss"]
[EventRounds "9"]
[EventCountry "RUS"]
[SourceTitle "EXT 2012"]
[Source "ChessBase"]
[SourceDate "2011.11.24"]
[SourceVersion "1"]
[SourceVersionDate "2011.11.24"]
[SourceQuality "1"]

1. e4 e5 2. Nf3 Nc6 3. Bb5 Bc5 4. c3 Nf6 5. d4 exd4 6. e5 Ne4 7. Qe2 d5 8. cxd4 Bb4+ 9. Nbd2 Bg4 10. 0-0 Bxd2 11. Bxd2 0-0 12. Bxc6 bxc6 13. Bb4 Re8 14. Qe3 Re6 15. Ne1 Rb8 16. Ba3 Nf6 17. f3 Bh5 18. Qg5 h6 19. Qh4 g5 20. Qh3 Bg6 21. exf6 Qxf6 22. Qg3 Qxd4+ 23. Qf2 Qb6 24. Qxb6 cxb6 25. Rd1 Rd8 26. Nd3 c5 27. Rfe1 Rde8 28. Kf2 d4 29. b3 Re3 30. Bc1 Rxe1 31. Rxe1 Rxe1 32. Nxe1 Bb1 33. a3 a5 34. Bd2 f6 35. b4 axb4 36. axb4 Kf7 37. Ke2 Ke6 38. bxc5 bxc5 39. Ba5 c4 40. Kd2 Kd5 41. Nc2 Kc5 42. Bb4+ Kd5 43. Be7 f5 44. Bf6 d3 45. Ne3+ Ke6 46. Bg7 Ba2 47. Bxh6 f4 48. Nd1 1-0

[Event "Moscow op-B"]
[Site "Moscow"]
[Date "2009.02.07"]
[Round "8"]
[White "Skoriak, Ivan"]
[Black "Shilnikov, Igor S"]
[Result "1-0"]
[WhiteElo "2080"]
[BlackElo "1963"]
[PlyCount "93"]
[EventDate "2009.01.31"]
[EventType "swiss"]
[EventRounds "9"]
[EventCountry "RUS"]
[SourceTitle "EXT 2012"]
[Source "ChessBase"]
[SourceDate "2011.11.24"]
[SourceVersion "1"]
[SourceVersionDate "2011.11.24"]
[SourceQuality "1"]

1. e4 e5 2. Nf3 Nc6 3. Bb5 a6 4. Ba4 d6 5. 0-0 Bg4 6. h3 h5 7. c3 Qf6 8. d3 Bd7 9. Nbd2 Qg6 10. Nh4 Qf6 11. Bxc6 bxc6 12. Ndf3 g6 13. d4 Qg7 14. Re1 Be7 15. dxe5 dxe5 16. Be3 f6 17. Qb3 Nh6 18. Rad1 Rd8 19. Qc4 g5 20. Nf5 Nxf5 21. exf5 h4 22. Nh2 Qh7 23. Qxa6 Qxf5 24. Qb7 Bd6 25. Qa6 0-0 26. Ng4 Qg6 27. Qd3 f5 28. Qc2 Kg7 29. Nh2 Qf6 30. f3 Rg8 31. Rf1 Kh8 32. Rde1 Rg7 33. Kh1 Rdg8 34. b4 Qf7 35. a4 Qh5 36. Qe2 g4 37. fxg4 fxg4 38. Rf6 Rg6 39. Ref1 Qh7 40. Qd3 gxh3 41. R1f3 hxg2+ 42. Kg1 e4 43. Rxg6 Bxh2+ 44. Kxh2 exd3 45. Bd4+ Rg7 46. Rf8+ Qg8 47. Rh6# 1-0

[Event "Moscow op-B"]
[Site "Moscow"]
[Date "2009.02.05"]
[Round "6"]
[White "Skoriak, Ivan"]
[Black "Voronov, Vladimir Yu"]
[Result "1-0"]
[WhiteElo "2080"]
[BlackElo "1926"]
[PlyCount "137"]
[EventDate "2009.01.31"]
[EventType "swiss"]
[EventRounds "9"]
[EventCountry "RUS"]
[SourceTitle "EXT 2012"]
[Source "ChessBase"]
[SourceDate "2011.11.24"]
[SourceVersion "1"]
[SourceVersionDate "2011.11.24"]
[SourceQuality "1"]

1. e4 c5 2. Nf3 Nf6 3. e5 Nd5 4. c3 Nc6 5. d4 cxd4 6. cxd4 e6 7. Bc4 Nb6 8. Bb3 Be7 9. 0-0 0-0 10. Nc3 d6 11. Be3 dxe5 12. dxe5 Qxd1 13. Raxd1 Na5 14. Na4 Nxa4 15. Bxa4 b6 16. a3 Ba6 17. Rfe1 Rfd8 18. Rc1 Rac8 19. Bd2 Nc4 20. Bc3 Bb7 21. Bd1 b5 22. Be2 Bd5 23. Bxc4 Bxc4 24. Ba5 Rd3 25. Rc3 Rxc3 26. Bxc3 Bd5 27. Nd4 a6 28. Nc2 Bb3 29. Nd4 Bd5 30. Ne2 Rc4 31. h3 b4 32. axb4 Bxb4 33. Rc1 Bxc3 34. Rxc3 Rxc3 35. Nxc3 Bb3 36. f4 Kf8 37. Kf2 Ke8 38. Ke3 Kd7 39. Kd4 Kc6 40. g4 Bc2 41. Ne2 Kb5 42. Kc3 Be4 43. f5 Kc5 44. fxe6 fxe6 45. Nf4 Bd5 46. b4+ Kc6 47. Nh5 Bg2 48. Nf4 Bf1 49. h4 Kd7 50. g5 Bb5 51. Nh5 Be2 52. Nf4 Bg4 53. Ng2 Ke7 54. Kd4 Kd7 55. Kc5 Kc7 56. Nf4 g6 57. Ng2 Bh3 58. Ne3 Bf5 59. Nc4 Bd3 60. Nd6 Kd7 61. Nf7 Ke7 62. Nh6 Kf8 63. Ng4 Kf7 64. Nf6 Kg7 65. Kd6 Bc4 66. Ne8+ Kf7 67. Nc7 Bf1 68. Nxe6 Bc4 69. Nc7 1-0

[Event "Moscow op-B 04th"]
[Site "Moscow"]
[Date "2008.02.07"]
[Round "6"]
[White "Skoriak, Ivan"]
[Black "Kurukin, Dmitry"]
[Result "0-1"]
[WhiteElo "2059"]
[BlackElo "2179"]
[PlyCount "80"]
[EventDate "2008.02.02"]
[EventType "swiss"]
[EventRounds "9"]
[EventCountry "RUS"]
[SourceTitle "CBM 122 Extra"]
[Source "ChessBase"]
[SourceDate "2008.03.04"]
[SourceVersion "1"]
[SourceVersionDate "2008.03.04"]
[SourceQuality "1"]

1. e4 c5 2. Nf3 d6 3. d4 cxd4 4. Nxd4 Nf6 5. Nc3 a6 6. Be3 e5 7. Nb3 Be6 8. f3 Nbd7 9. Bd3 b5 10. g4 b4 11. Ne2 h6 12. Ng3 d5 13. Qe2 d4 14. Bf2 a5 15. 0-0 g6 16. h3 h5 17. Kg2 Bh6 18. Be1 Bf4 19. Rh1 h4 20. Nf1 g5 21. Bd2 Bxd2 22. Nfxd2 Nh7 23. Nc4 Qc7 24. a3 0-0 25. axb4 axb4 26. Nbd2 Rfc8 27. b3 Nhf8 28. Rhc1 Ng6 29. Qf1 Nc5 30. Rxa8 Rxa8 31. Ra1 Rxa1 32. Qxa1 Nxd3 33. cxd3 Nf4+ 34. Kh2 Nxd3 35. Qa4 Kg7 36. Qb5 f6 37. Kg2 Qc5 38. Qb7+ Bf7 39. Qd7 Nf4+ 40. Kh2 d3 0-1